[Event "Varazdin Spancir op 1st"]
[Site "Varazdin"]
[Date "2023.08.27"]
[Round "6"]
[White "Lovrincevic, Sime"]
[Black "Vidovic, Dominik"]
[Result "0-1"]
[WhiteElo "1538"]
[BlackElo "1762"]
[PlyCount "82"]
[EventDate "2023.08.24"]
[EventType "swiss"]
[EventRounds "7"]
[EventCountry "CRO"]
[SourceTitle "EXT 2024"]
[Source "ChessBase"]
[SourceDate "2023.10.10"]
[SourceVersion "1"]
[SourceVersionDate "2023.10.10"]
[SourceQuality "1"]

1. d4 Nf6 2. c4 e6 3. Nc3 Bb4 4. a3 Bxc3+ 5. bxc3 0-0 6. Nf3 b6 7. e3 Bb7 8. Be2 d6 9. 0-0 Nbd7 10. Bb2 Ne4 11. Nd2 f5 12. f3 Nxd2 13. Qxd2 Rf6 14. f4 Rg6 15. Bf3 Bxf3 16. Rxf3 Nf6 17. a4 Qd7 18. Qd3 Qc6 19. Kh1 Rh6 20. h3 a5 21. d5 exd5 22. cxd5 Qxd5 23. Qc2 Ne4 24. c4 Qd2 25. Qxd2 Nxd2 26. Rg3 Rg6 27. Rxg6 hxg6 28. Rc1 Re8 29. Rc2 Nb3 30. Rc3 Nc5 31. Ra3 Re4 32. Bd4 Ne6 33. Rd3 Nxd4 34. exd4 Rxf4 35. Kg1 Kf7 36. g3 Re4 37. Kf2 Ke6 38. Kf3 d5 39. Rc3 dxc4 40. Rxc4 c5 41. g4 Rxd4 0-1

[Event "CRO-chT U20 29th"]
[Site "Cakovec"]
[Date "2020.07.15"]
[Round "4.1"]
[White "Mijic, Karlo"]
[Black "Vidovic, Dominik"]
[Result "1-0"]
[WhiteElo "1729"]
[BlackElo "1526"]
[PlyCount "167"]
[EventDate "2020.07.14"]
[EventType "team-tourn"]
[EventRounds "11"]
[EventCountry "CRO"]
[SourceTitle "CBM 197 Extra"]
[Source "ChessBase"]
[SourceDate "2020.09.30"]
[SourceVersion "1"]
[SourceVersionDate "2020.09.30"]
[SourceQuality "1"]
[WhiteTeam "Zadar Casper U20"]
[BlackTeam "Mihovljan Sloboda U20"]
[WhiteTeamCountry "CRO"]
[BlackTeamCountry "CRO"]

1. e4 e6 2. d4 d5 3. e5 c5 4. c3 Nc6 5. Nf3 Qb6 6. b3 cxd4 7. cxd4 Bb4+ 8. Ke2 Qc7 9. a3 Ba5 10. Bb2 Nge7 11. b4 Bb6 12. Nc3 a6 13. Na4 Nf5 14. Nxb6 Qxb6 15. Qd3 Bd7 16. g4 Nfe7 17. Ke1 0-0 18. Ng5 Ng6 19. h4 h6 20. Rd1 Nxb4 21. axb4 Qxb4+ 22. Bc3 Qb3 23. Nf3 Bb5 24. Qe3 Bxf1 25. Rxf1 Nf4 26. Qxf4 Qxc3+ 27. Ke2 b5 28. Qd2 Qc4+ 29. Qd3 Rfc8 30. Qxc4 dxc4 31. Rb1 c3 32. Kd3 Rab8 33. Rb3 b4 34. Rfb1 a5 35. Ne1 Rc7 36. Ra1 Ra7 37. Nc2 Kf8 38. Ra4 Rba8 39. f4 Ke7 40. Ke4 Ra6 41. Kd3 Kd7 42. Nxb4 axb4 43. Rxa6 Rxa6 44. Rxb4 Rc6 45. Rb7+ Kc8 46. Rb1 Kd7 47. Rc1 Ra6 48. Rb1 Ra2 49. Rb7+ Ke8 50. Rb8+ Ke7 51. Rg8 Rg2 52. g5 c2 53. Rc8 c1Q 54. Rxc1 Rh2 55. Rc7+ Ke8 56. g6 fxg6 57. Rxg7 Rxh4 58. Rxg6 Ke7 59. Ke4 Rh1 60. Rg7+ Ke8 61. Rg2 Re1+ 62. Kf3 Rf1+ 63. Rf2 Rd1 64. Ke3 Re1+ 65. Re2 Rh1 66. Rd2 Re1+ 67. Kf2 Re4 68. Kf3 Re1 69. Rh2 Rf1+ 70. Ke3 Re1+ 71. Kf2 Re4 72. Rxh6 Ke7 73. f5 Rf4+ 74. Ke3 Rxf5 75. Rh7+ Rf7 76. Rxf7+ Kxf7 77. Kd3 Ke7 78. Kc3 Kd7 79. Kb4 Kc6 80. Kc4 Kd7 81. Kb5 Kc7 82. Kc5 Kd7 83. Kb6 Ke7 84. Kc7 1-0

[Event "CRO-chT U20 29th"]
[Site "Cakovec"]
[Date "2020.07.15"]
[Round "3.4"]
[White "Vidovic, Dominik"]
[Black "Cigrovski, Jakov"]
[Result "0-1"]
[WhiteElo "1526"]
[BlackElo "2010"]
[PlyCount "50"]
[EventDate "2020.07.14"]
[EventType "team-tourn"]
[EventRounds "11"]
[EventCountry "CRO"]
[SourceTitle "CBM 197 Extra"]
[Source "ChessBase"]
[SourceDate "2020.09.30"]
[SourceVersion "1"]
[SourceVersionDate "2020.09.30"]
[SourceQuality "1"]
[WhiteTeam "Mihovljan Sloboda U20"]
[BlackTeam "Sveta Nedelja U20"]
[WhiteTeamCountry "CRO"]
[BlackTeamCountry "CRO"]

1. d4 Nf6 2. c4 g6 3. Nc3 Bg7 4. e4 d6 5. Nf3 0-0 6. Be3 Ng4 7. Bg5 h6 8. Bh4 c6 9. Qd2 Qc7 10. h3 Nf6 11. g4 e5 12. dxe5 dxe5 13. 0-0-0 Nbd7 14. g5 hxg5 15. Bxg5 Nh5 16. Bh6 Nf4 17. Bxg7 Kxg7 18. h4 Nf6 19. Be2 b5 20. cxb5 cxb5 21. Kb1 Qc5 22. Bxb5 Rb8 23. Be2 Nxe2 24. Qxe2 Qxc3 25. Rd3 Rxb2+ 0-1

[Event "CRO-chT U20 29th"]
[Site "Cakovec"]
[Date "2020.07.14"]
[Round "1.3"]
[White "Vidovic, Dominik"]
[Black "Matota, Dominik"]
[Result "0-1"]
[WhiteElo "1526"]
[BlackElo "1807"]
[PlyCount "56"]
[EventDate "2020.07.14"]
[EventType "team-tourn"]
[EventRounds "11"]
[EventCountry "CRO"]
[SourceTitle "CBM 197 Extra"]
[Source "ChessBase"]
[SourceDate "2020.09.30"]
[SourceVersion "1"]
[SourceVersionDate "2020.09.30"]
[SourceQuality "1"]
[WhiteTeam "Mihovljan Sloboda U20"]
[BlackTeam "Osijek Ferit U20"]
[WhiteTeamCountry "CRO"]
[BlackTeamCountry "CRO"]

1. d4 Nf6 2. c4 g6 3. Nc3 Bg7 4. e4 d6 5. Nf3 0-0 6. Be3 Nbd7 7. Be2 e5 8. d5 Nh5 9. g4 Nf4 10. Bxf4 exf4 11. Nd4 a6 12. h4 Ne5 13. f3 Bf6 14. g5 Bg7 15. Qd2 Bd7 16. Qxf4 Nxc4 17. Bxc4 Bxd4 18. Qd2 Bh8 19. h5 b5 20. hxg6 fxg6 21. Qh2 Rf7 22. Bb3 Qxg5 23. Ke2 b4 24. Na4 Bb5+ 25. Ke1 Qe3+ 26. Kd1 Qxf3+ 27. Kc1 Be5 28. Qh4 Bf4+ 0-1

[Event "Medjimurje Cup"]
[Site "Croatia "]
[Date "2020.02.16"]
[Round "2.1"]
[White "Vidovic, Dominik"]
[Black "Strukelj, Dragutin"]
[Result "0-1"]
[WhiteElo "1464"]
[BlackElo "1666"]
[PlyCount "62"]
[EventDate "2020.02.09"]
[EventType "team-swiss"]
[EventRounds "6"]
[EventCountry "CRO"]
[SourceTitle "CBM 195 Extra"]
[Source "ChessBase"]
[SourceDate "2020.05.31"]
[SourceVersion "1"]
[SourceVersionDate "2020.05.31"]
[SourceQuality "1"]

1. d4 Nf6 2. c4 e6 3. Nc3 d5 4. Nf3 c6 5. Bf4 Bd6 6. Bg3 Bxg3 7. hxg3 dxc4 8. a4 Qa5 9. Nd2 Nd5 10. Qc1 Nxc3 11. Qxc3 Qxc3 12. bxc3 b5 13. axb5 cxb5 14. Ne4 Ke7 15. e3 Nd7 16. Rb1 a6 17. Nd2 Nb6 18. Kd1 Rb8 19. e4 h6 20. e5 Bb7 21. g4 Bc6 22. Kc2 a5 23. Rh2 Nd5 24. g3 b4 25. Nxc4 Nxc3 26. Ra1 a4 27. Bg2 Bxg2 28. Rxg2 Rbc8 29. Nd6 Rc6 30. Kd3 b3 31. Nc4 Rxc4 0-1

[Event "CRO-ch U13"]
[Site "Trogir"]
[Date "2019.06.21"]
[Round "8"]
[White "Vidovic, Dominik"]
[Black "Martic, Filip"]
[Result "0-1"]
[WhiteElo "1520"]
[BlackElo "1343"]
[PlyCount "86"]
[EventDate "2019.06.17"]
[EventType "swiss"]
[EventRounds "9"]
[EventCountry "CRO"]
[SourceTitle "EXT 2020"]
[Source "ChessBase"]
[SourceDate "2019.10.17"]
[SourceVersion "1"]
[SourceVersionDate "2019.10.17"]
[SourceQuality "1"]

1. d4 Nf6 2. c4 c5 3. d5 b5 4. Qc2 d6 5. e4 Nbd7 6. Nf3 g6 7. Be2 bxc4 8. Bxc4 Ba6 9. Be2 Bxe2 10. Qxe2 Bg7 11. Nc3 0-0 12. 0-0 Ng4 13. Bf4 Nge5 14. Nxe5 Nxe5 15. Qd2 Qb6 16. Rab1 Rfb8 17. b3 a5 18. a4 Qb4 19. Rfc1 Nd7 20. f3 Qd4+ 21. Be3 Qxd2 22. Bxd2 Rb7 23. Nb5 Nf6 24. Bg5 Ne8 25. Rd1 Nc7 26. Na3 Na6 27. Nb5 Nb4 28. Bd2 Nc2 29. Be1 Nd4 30. Nxd4 Bxd4+ 31. Bf2 Bxf2+ 32. Kxf2 Rab8 33. Rd3 c4 34. Rc3 Rxb3 35. Rbxb3 cxb3 36. Rc1 b2 37. Rb1 Rb4 38. Ke2 Rxa4 39. Rxb2 Ra1 40. Kd3 a4 41. Kc3 Kg7 42. Rb7 Kf6 43. Kb4 Rb1+ 0-1